00533nam a22001577a 450000500170000001000130001702000110003003500130004103700130005408200080006724501220007526000420019727000860023930000250032550500250035020180220100232.0 aB-689584 c395.00 aB-689584 adplbKKP a344 aThe central motor vehicles rules, 1989 :bas mended by the central motor vehicles (eighteenth amendment) rules, 2017/ aDelhibUniversal Law Publishingc2018 aLexisNexis, 14th Floor, Building No.10, DLF Cyber City, Phase-IIbGurgaone122002 axvi,461p.c23cm(pbk) a(Rashtrapati Bhawan)